00227nam a2200097Ia 4500008004100000100001800041245002400059260002200083942000700105999001700112190216s9999||||xx |||||||||||||| ||und|| aGopalaswamy N 0aSasya Resathanthram bKerala Basha Inst cBK c38962d38962